| 000 | 00606cam a2200217 4500 | ||
|---|---|---|---|
| 001 | B3249 | ||
| 008 | 090401t1990 xxu||||| |||| 00| 0 eng d | ||
| 035 | _a(Sirsi) u54933 | ||
| 041 | _aeng | ||
| 050 | _a338.181 | ||
| 110 |
_aMinistry of Agriculture _91876 |
||
| 245 | _aEuropean Court cases concerning milk quotas | ||
| 260 | _c1990 | ||
| 300 | _a(37) leaves ; 30cm. | ||
| 350 | _a0 | ||
| 520 | _aPhotocopies of law cases on milk quotas from the Official Journal of the European Communities . | ||
| 650 | _aLAW CASES | ||
| 710 |
_aFisheries and Food _91879 |
||
| 942 | _n0 | ||
| 948 | _c04/03/1997 | ||
| 999 |
_c93519 _d93519 |
||